Cuadragésimo Aniversario de la Universidad de Costa Rica/

Sparad:
Bibliografiska uppgifter
Institutionell upphovsman: Universidad de Costa Rica
Materialtyp: Bok
Språk:Spanish
Publicerad: Costa Rica UCR 1980
Taggar: Lägg till en tagg
Inga taggar, Lägg till första taggen!

MARC

LEADER 00000nam a22000007a 4500
003 cru CRAIS/IIS
005 20211103133752.0
008 211103b |||||||| |||| 00| 0 spa d
040 |c CRAIS/IIS 
082 |a 06.03.06 U58d 
110 2 |9 458  |a Universidad de Costa Rica 
245 |a Cuadragésimo Aniversario de la Universidad de Costa Rica/ 
260 |a Costa Rica  |b UCR  |c 1980 
300 |a 59p. 
942 |2 ddc  |c LI  |h 06.03.06  |6 060306 
999 |c 43962  |d 43962